00319 2200133 4500001002100000005001500021035002000036245005300056260003000109082000800139084001200147990001300159990001300172INLIS00000000000256520250605113234 a0010-0625000151 aPeristiwa Sastra Melayu Lama /cDrs. H. Soetarna aSolo :bWidya Duta,c2003 a400 a400 PER a04201044 a04201045